| 000 | 00982nam a22002537a 4500 | ||
|---|---|---|---|
| 999 |
_c7844 _d7844 |
||
| 003 | AR-CdUCM | ||
| 008 | 190321b ||||| |||| 00| 0 spa d | ||
| 020 | _a84-281-0381-X | ||
| 040 |
_aMUNICIPALIDAD PROVINCIAL DEL CUSCO _cBIBLIOTECA MUNICIPAL DEL CUSCO |
||
| 041 | _hfre | ||
| 082 |
_a632.951 / _bD18 |
||
| 100 |
_aDajoz, Roger _922182 |
||
| 245 | _aLos insecticidas / | ||
| 260 |
_aBarcelona : _bOikos-Tau, _c1978. |
||
| 300 |
_a144 páginas ; _bfiguras, _c17 cm. |
||
| 440 |
_aColección ¿qué sé? nueva serie. _n117 _922183 |
||
| 505 | _aContenido: Los perjuicios causados por los insectos -- Principales insecticidas -- Mecanismo de penetración de los insecticidas -- Modo de acción de los insecticidas -- Resistencia endoterápicos ... | ||
| 650 |
_aInsecticidas _922184 |
||
| 650 |
_aPeligros de los insecticidas _922185 |
||
| 650 |
_aMecanismo de penetración _922186 |
||
| 700 |
_aMariné Font, Abel (traducción) _922187 |
||
| 942 |
_2ddc _cLIBROS |
||
| 945 | _aachl | ||